| 000 | 00451nam a2200157 i 4500 | ||
|---|---|---|---|
| 001 | 37971 | ||
| 003 | ES-MaACL | ||
| 005 | 20230906155655.0 | ||
| 007 | t| | ||
| 008 | 030224s1910 xxk ||||1| eng d | ||
| 100 | 1 |
_aCaird, John. _933478 |
|
| 245 | 1 | 3 |
_aAn introduction to the philosophy of religion / _cby John Caird. |
| 260 |
_aGlasgow : _bJames Macheose, _c1910 ( _fUniversity Press) |
||
| 300 |
_aXI, 343 p. ; _c21 cm. |
||
| 852 |
_aES-MaACL _jF-4290 |
||
| 999 |
_c37971 _d37971 |
||